Statistiken für Namen für Verbrechen

Klicken Sie hier um das Quiz zu spielen!

Allgemein

  • Dieses Quiz wurde 10.685 mal gespielt
  • Das Durchschnittsergebnis liegt bei 11 aus 22

Antwortstatistiken

BeschreibungVerbrechen% Korrekt
Beabsichtigtes TötungsdeliktMord
98%
Etwas stehlenDiebstahl
91%
Vorsätzliches InbrandsetzenBrandstiftung
88%
Überfall, zum BeispielRaub
84%
Eindringen und etwas stehlenEinbruch
75%
Eine Person gegen ihren Willen festhaltenGeiselnahme
65%
Unerlaubtes Entfernen vom UnfallortFahrerflucht
63%
Beschädigen von EigentumVandalismus
57%
Illegaler ImportSchmuggel
52%
Androhen von Schaden für persönliche BereicherungErpressung
51%
Physischer ÜbergriffKörperverletzung
46%
Vor Gericht lügenMeineid
42%
Illegales JagenWilderei
41%
Dort sein, wo man nicht sein darfHausfriedensbruch
40%
Illegaler Schwindel zur persönlichen BereicherungBetrug
39%
Versuch zum Umsturz im eigenen StaatHochverrat
32%
Jemanden zum Handeln wider Willen zwingenNötigung
31%
Gegen eine bestimmte Ethnie Hass verbreitenVolksverhetzung
21%
Zwei Ehen gleichzeitig habenBigamie
19%
Den eigenen Staat an einen andern verratenLandesverrat
14%
Vorsätzliche falsche Anwendung des RechtsRechtsbeugung
8%
Illegale Geschäfte zur persönlichen BereicherungBestechung
7%

Verteilung der Resultate

Perzentil nach korrekt beantworteten Fragen

Anzahl Personen mit jedem Resultat

Ihre Resultats-Entwicklung

Sie haben dieses Quiz noch nicht gespielt